| 000 | 00389nam a2200145Ia 4500 | ||
|---|---|---|---|
| 008 | 150201s2005 xx 000 0 und d | ||
| 082 |
_a617.64 _bE2005K |
||
| 100 | _aKIDD,EDWINA | ||
| 245 | _aESSENTIAL OF DENTAL CARIES | ||
| 250 | _a3RD | ||
| 260 |
_bOXFORD UNIVERSITY PRESS _aOXFORD ( LONDON) _c2005 |
||
| 300 | _a1-180 | ||
| 650 | _aPREVENTIVE AND COMMUNITY DENTISTRY | ||
| 942 |
_2ddc _cBK |
||
| 999 |
_c4233 _d4233 |
||